私鉄に乗り入れるJRの鉄道形式 - Statistics

General Stats
  • This quiz has been taken 390 times
    302 since last reset
  • The average score is 15 of 29
Answer Stats
会社 形式 乗り入れ先の私鉄 % Correct
JR東日本 E233系0番台 富士山麓電気鉄道
98%
JR東日本 E233系2000番台 東京メトロ、小田急
98%
JR東日本 E233系7000番台 東京臨海高速鉄道、相鉄
98%
JR東日本 E231系800番台 東京メトロ
91%
JR東日本 E257系 伊豆急行、伊豆箱根鉄道
71%
JR東日本 E353系 富士山麓電気鉄道
59%
JR東日本 E261系 伊豆急行
56%
JR東日本 253系 東武
55%
JR東日本 211系 富士山麓電気鉄道
54%
JR東海 315系 愛知環状鉄道
53%
JR東海 キハ75系 伊勢鉄道
52%
JR東海 HC85系 伊勢鉄道
52%
JR東日本 E721系500番台 仙台空港鉄道
50%
JR四国 2700系 土佐くろしお鉄道
49%
JR西日本 683系 IRいしかわ鉄道
49%
JR東日本 キハ110系 IGRいわて銀河鉄道、しなの鉄道
47%
JR九州 303系 福岡市交
47%
JR九州 305系 福岡市交
46%
JR西日本 521系 IRいしかわ鉄道
45%
JR西日本 287系 WILLER TRAINS
44%
JR西日本 289系 WILLER TRAINS
41%
JR東日本 E653系 えちごトキめき鉄道
36%
JR東日本 キハ100系 青い森鉄道
35%
JR西日本 キハ120形 ハピラインふくい
32%
JR西日本 キハ187系 智頭急行
32%
JR四国 1000形 土佐くろしお鉄道
31%
JR西日本 113系 WILLER TRAINS
31%
JR四国 キハ54形 土佐くろしお鉄道
23%
JR四国 キハ32形 土佐くろしお鉄道
21%
No matching quizzes found
Score Distribution
Percent of People with Each Score
Percentile by Number Answered
Your Score History
You have not taken this quiz since the last reset